书目信息 |
| 题名: |
现代化学试剂手册
|
|
| 作者: | 段长强 编 | |
| 分册: | 第一分册 通用试剂 | |
| 出版信息: | 北京 化学工业出版社 1988.7 |
|
| 页数: | 969页 | |
| 开本: | 27cm | |
| 丛书名: | ||
| 单 册: | ||
| 中图分类: | O6-62 | |
| 科图分类: | ||
| 主题词: | 化学--手册 | |
| 电子资源: | ||
| ISBN: | 7-5025-0094-4 | |
| 000 | 00645nam0 2200205 45 | |
| 001 | 0110151665 | |
| 005 | 20041224152027.6 | |
| 010 | @a7-5025-0094-4@b精装@dCNY46.70 | |
| 100 | @a20011015d1988 km y0chiy0120 ea | |
| 101 | 0 | @achi |
| 105 | @a z 000yy | |
| 200 | 1 | @a现代化学试剂手册@AXian Dai Hua Xue Shi Ji Shou Ce@h第一分册@i通用试剂@f段长强,孟庆芳等编@FDuan Chang Qiang,Meng Qing Fang Deng Bian |
| 210 | @a北京@c化学工业出版社@d1988.7 | |
| 215 | @a969页@d27cm | |
| 517 | @a通用试剂@ATong Yong Shi Ji | |
| 606 | 0 | @a化学@x手册 |
| 690 | @aO6-62@v4 | |
| 701 | @a段长强@4编 | |
| 801 | @aCN@bTSTC@c20011015 | |
| 905 | @dO6-62@e210:1@f1@b299704 | |
| 现代化学试剂手册.第一分册.通用试剂/段长强,孟庆芳等编.-北京:化学工业出版社,1988.7 |
| 969页;27cm |
| ISBN 7-5025-0094-4(精装):CNY46.70 |
| ● |
| 相关链接 |
|
|
|
|
正题名:现代化学试剂手册
索取号:O6-62/210:1
 
预约/预借
| 序号 | 登录号 | 条形码 | 馆藏地/架位号 | 状态 | 备注 |
| 1 | 0299699 | 202996990 | 密集书库/ [索取号:O6-62/210:1] | 在馆 | |
| 2 | 0299700 | 202997007 | 密集书库/ [索取号:O6-62/210:1] | 在馆 | |
| 3 | 0299701 | 202997016 | 密集书库/ [索取号:O6-62/210:1] | 在馆 | |
| 4 | 0299702 | 202997025 | 密集书库/ [索取号:O6-62/210:1] | 在馆 | |
| 5 | 0299703 | 202997034 | 密集书库/ [索取号:O6-62/210:1] | 在馆 | |
| 6 | 0299704 | 202997043 | 工具书阅览室/ [索取号:O6-62/210:1] | 在馆 |